SIA Puzzle Hunt: Before or After Quiz Stats

Quiz Updated Sep 18, 2015

Score 0/40 Timer 20:00
3 Plays Today
% Correct
???
54.6%
???
53%
???
51.9%
???
50.2%
???
48.9%
???
48.4%
???
48.3%
???
48.2%
???
47.8%
???
47.8%
???
47.6%
???
47.2%
???
46.8%
???
45.5%
???
45.1%
???
44.6%
???
44.2%
???
43.3%
???
43.1%
???
42.3%
% Correct
???
41.4%
???
40.8%
???
40.5%
???
40.3%
???
40.1%
???
39.3%
???
38.7%
???
38.5%
???
38.4%
???
37.4%
???
37.1%
???
36.8%
???
36.5%
???
36.3%
???
36.3%
???
35.7%
???
34.8%
???
34.6%
???
33.7%
???
33.1%

You're not logged in!

Compare scores with friends on all Sporcle quizzes.
Join for Free
OR
Log In

You Might Also Like...

Show Comments

Extras

Top Quizzes Today


Score Distribution

Your Account Isn't Verified!

In order to create a playlist on Sporcle, you need to verify the email address you used during registration. Go to your Sporcle Settings to finish the process.

Report this User

Report this user for behavior that violates our Community Guidelines.

Details: